<?xml version="1.0" encoding="UTF-8"?>
<record
    xmlns:xsi="http://www.w3.org/2001/XMLSchema-instance"
    xsi:schemaLocation="http://www.loc.gov/MARC21/slim http://www.loc.gov/standards/marcxml/schema/MARC21slim.xsd"
    xmlns="http://www.loc.gov/MARC21/slim">

  <leader>01089nam a2200229Ia 4500</leader>
  <controlfield tag="003">Ost</controlfield>
  <controlfield tag="005">20260507075651.0</controlfield>
  <controlfield tag="008">260507s9999||||xx |||||||||||||| ||und||</controlfield>
  <datafield tag="020" ind1=" " ind2=" ">
    <subfield code="a">4464287977</subfield>
  </datafield>
  <datafield tag="040" ind1=" " ind2=" ">
    <subfield code="c">fsecg</subfield>
  </datafield>
  <datafield tag="041" ind1=" " ind2=" ">
    <subfield code="a">ara</subfield>
  </datafield>
  <datafield tag="082" ind1=" " ind2=" ">
    <subfield code="a">302.231</subfield>
  </datafield>
  <datafield tag="100" ind1=" " ind2=" ">
    <subfield code="a">&#x634;&#x641;&#x64A;&#x642;&#x60C; &#x62D;&#x633;&#x646;&#x64A;&#x646;</subfield>
    <subfield code="e">&#x645;&#x624;&#x644;&#x641;</subfield>
  </datafield>
  <datafield tag="245" ind1=" " ind2="0">
    <subfield code="a">&#x627;&#x644;&#x625;&#x639;&#x644;&#x627;&#x645; &#x627;&#x644;&#x625;&#x644;&#x643;&#x62A;&#x631;&#x648;&#x646;&#x64A; /</subfield>
    <subfield code="c"> &#x62D;&#x633;&#x646;&#x64A;&#x646; &#x634;&#x641;&#x64A;&#x642;</subfield>
  </datafield>
  <datafield tag="260" ind1=" " ind2=" ">
    <subfield code="a">&#x627;&#x644;&#x642;&#x627;&#x647;&#x631;&#x629;: </subfield>
    <subfield code="b">&#x62F;&#x627;&#x631; &#x627;&#x644;&#x643;&#x62A;&#x628; &#x627;&#x644;&#x639;&#x644;&#x645;&#x64A;&#x629; &#x644;&#x644;&#x646;&#x634;&#x631; &#x648;&#x627;&#x644;&#x62A;&#x648;&#x632;&#x64A;&#x639;, </subfield>
    <subfield code="c">2005</subfield>
  </datafield>
  <datafield tag="300" ind1=" " ind2=" ">
    <subfield code="a">240  &#x635;&#x641;&#x62D;&#x629;&#x61B; </subfield>
    <subfield code="b">&#x625;&#x64A;&#x636;&#x627;&#x62D;&#x627;&#x62A; &#x61B;</subfield>
    <subfield code="c">24 &#x633;&#x645;</subfield>
  </datafield>
  <datafield tag="504" ind1=" " ind2=" ">
    <subfield code="a">&#x627;&#x644;&#x645;&#x631;&#x627;&#x62C;&#x639; &#x635;.233</subfield>
  </datafield>
  <datafield tag="520" ind1=" " ind2=" ">
    <subfield code="a">&#x627;&#x644;&#x648;&#x638;&#x627;&#x626;&#x641; &#x627;&#x644;&#x625;&#x639;&#x644;&#x627;&#x645;&#x64A;&#x629; &#x644;&#x644;&#x623;&#x646;&#x62A;&#x631;&#x646;&#x62A;- &#x627;&#x644;&#x635;&#x62D;&#x627;&#x641;&#x629; &#x627;&#x644;&#x625;&#x644;&#x643;&#x62A;&#x631;&#x648;&#x646;&#x64A;&#x629;- &#x627;&#x644;&#x631;&#x627;&#x62F;&#x64A;&#x648; &#x639;&#x628;&#x631; &#x627;&#x644;&#x623;&#x646;&#x62A;&#x631;&#x646;&#x62A;- &#x627;&#x644;&#x62A;&#x644;&#x641;&#x632;&#x64A;&#x648;&#x646; &#x627;&#x644;&#x62A;&#x641;&#x627;&#x639;&#x644;&#x64A;- &#x627;&#x644;&#x625;&#x639;&#x644;&#x627;&#x646; &#x639;&#x628;&#x631; &#x627;&#x644;&#x623;&#x646;&#x62A;&#x631;&#x646;&#x62A;- &#x627;&#x644;&#x639;&#x644;&#x627;&#x642;&#x627;&#x62A; &#x627;&#x644;&#x639;&#x627;&#x645;&#x629; &#x639;&#x628;&#x631; &#x627;&#x644;&#x627;&#x646;&#x62A;&#x631;&#x646;&#x62A;- &#x627;&#x644;&#x62F;&#x639;&#x627;&#x64A;&#x629; &#x639;&#x628;&#x631; &#x627;&#x644;&#x623;&#x646;&#x62A;&#x631;&#x646;&#x62A;- &#x627;&#x646;&#x639;&#x643;&#x627;&#x633;&#x627;&#x62A; &#x627;&#x644;&#x623;&#x646;&#x62A;&#x631;&#x646;&#x62A; &#x639;&#x644;&#x649; &#x627;&#x644;&#x648;&#x633;&#x64A;&#x637; &#x627;&#x644;&#x625;&#x639;&#x644;&#x627;&#x645;&#x64A;.</subfield>
  </datafield>
  <datafield tag="653" ind1=" " ind2=" ">
    <subfield code="a">&#x627;&#x644;&#x625;&#x639;&#x644;&#x627;&#x645; - &#x627;&#x644;&#x625;&#x639;&#x644;&#x627;&#x646; </subfield>
  </datafield>
  <datafield tag="653" ind1=" " ind2=" ">
    <subfield code="a">&#x627;&#x644;&#x625;&#x639;&#x644;&#x627;&#x645; &#x627;&#x644;&#x625;&#x644;&#x643;&#x62A;&#x631;&#x648;&#x646;&#x64A;</subfield>
  </datafield>
  <datafield tag="942" ind1=" " ind2=" ">
    <subfield code="c">&#x643;&#x62A;&#x627;&#x628;</subfield>
  </datafield>
  <datafield tag="999" ind1=" " ind2=" ">
    <subfield code="c">45595</subfield>
    <subfield code="d">45595</subfield>
  </datafield>
</record>
